000 00266nam a2200109Ia 4500
008 210107s9999 xx 000 0 und d
100 _aGirimaji, Pushpa
245 0 _aConsumer Rights for everyone
260 _aNew Delhi
_bPenguin Books
300 _a460
942 _cBK
999 _c10448
_d10448